Guess the Harry Potter Movies by Scene #7 - Statistics

General Stats
  • This quiz has been taken 128 times
  • The average score is 18 of 20
Answer Stats
Picture Answer % Correct
Goblet of Fire
100%
Goblet of Fire
97%
Prisoner of Azkaban
97%
Prisoner of Azkaban
97%
Chamber of Secrets
94%
Goblet of Fire
91%
Half-Blood Prince
91%
Prisoner of Azkaban
91%
Prisoner of Azkaban
91%
Half-Blood Prince
88%
Philosopher's Stone
88%
Goblet of Fire
85%
Order of the Phoenix
85%
Deathly Hallows – Part 1
82%
Deathly Hallows – Part 1
79%
Deathly Hallows – Part 2
79%
Deathly Hallows – Part 2
79%
Deathly Hallows – Part 2
79%
Deathly Hallows – Part 2
76%
Order of the Phoenix
76%
No matching quizzes found
Score Distribution
Percent of People with Each Score
Percentile by Number Answered
Your Score History
You have not taken this quiz